000 00716nam a2200193 4500
001 132654
003 ES-MaACL
005 20230906194224.0
007 t|
008 070214s1961 xxu r ||||1| eng d
100 1 _aRoosevelt, Franklin D.
_999530
245 1 0 _aNothing to fear
_b: the selected addresses of Franklin D. Roosevelt : 1932-1945 /
_cedited, with historical notes and preface, by Ben D. Zevin ; introduction by Allan Nevins ; foreword by Harry L. Hopkins.
260 _aNew York :
_bPopular Library,
_c1961.
300 _aXVI, 476 p. ;
_c18 cm.
700 1 _aZevin, Ben D.
_9118220
700 1 _aNevins, Allan.
_985474
700 1 _aHopkins, Harry L.
_964169
852 _aES-MaACL
_jC-34860
_bR.66072
999 _c132654
_d132654